Loading...
| History - American | 0 | 7 | 0 | 0 | 70 | 23 | 70.86 | 6 | 7 | 0.00 | 0.00 |
| Science - Biology | 0 | 5 | 1 | 1 | 45 | 108 | 119.20 | 4 | 5 | 0.00 | 0.00 |
| Social Science | 0 | 5 | 1 | 0 | 45 | 82 | 96.40 | 3 | 5 | 0.00 | 0.00 |
| Philosophy | 0 | 4 | 0 | 0 | 40 | 67 | 84.00 | 3 | 4 | 0.00 | 0.00 |
| Other | 0 | 3 | 0 | 1 | 30 | 20 | 79.67 | 1 | 3 | 0.00 | 0.00 |
| Science - Physics | 0 | 4 | 2 | 3 | 30 | 82 | 116.75 | 1 | 4 | 0.00 | 0.00 |
| Science - Other | 0 | 2 | 0 | 1 | 20 | 117 | 119.50 | 1 | 2 | 0.00 | 0.00 |
| History - European | 0 | 2 | 0 | 0 | 20 | 43 | 69.50 | 1 | 2 | 0.00 | 0.00 |
| Religion | 0 | 2 | 1 | 1 | 15 | 42 | 85.50 | 1 | 2 | 0.00 | 0.00 |
| Science - Chemistry | 0 | 2 | 1 | 0 | 15 | 114 | 117.50 | 2 | 2 | 0.00 | 0.00 |
| Fine Arts - Other | 0 | 0 | 0 | 0 | 0 | 0.00 | 0 | 0 | 0.00 | 0.00 | |
| History - World | 0 | 0 | 1 | 0 | -5 | 0.00 | 0 | 0 | 0.00 | 0.00 |